Normal view
MARC view
- History , Ancient
Entry Topical Term
001 - CONTROL NUMBER
- control field: 5585
003 - CONTROL NUMBER IDENTIFIER
- control field: JO-AjAnu
005 - DATE AND TIME OF LATEST TRANSACTION
- control field: 20230606071216.0
008 - FIXED-LENGTH DATA ELEMENTS
- fixed length control field: 230606|| aca||aabn | a|a d
040 ## - CATALOGING SOURCE
- Original cataloging agency: JO-AjAnu
- Transcribing agency: JO-AjAnu
150 ## - HEADING--TOPICAL TERM
- Topical term or geographic name entry element: History , Ancient
670 ## - SOURCE DATA FOUND
- Source citation: Work cat.: (JO-AjAnu)2888: Edited: Cook, S.A/ F.E. Adcock / M.P.Charlesworth/ N.H.Baynes, author 5584, The Cambridge ancient history : volume xii the imperial crisis and recovery